Psychiatric rehabilitation/ (Record no. 49)

MARC details
000 -LEADER
fixed length control field 00693nam a2200229 a 4500
005 - DATE AND TIME OF LATEST TRANSACTION
control field 20260322212004.0
008 - FIXED-LENGTH DATA ELEMENTS--GENERAL INFORMATION
fixed length control field data
010 ## - LIBRARY OF CONGRESS CONTROL NUMBER
LC control number 98-089453
020 ## - INTERNATIONAL STANDARD BOOK NUMBER
International Standard Book Number 0125642458
020 ## - INTERNATIONAL STANDARD BOOK NUMBER
International Standard Book Number 9780125642453
040 ## - CATALOGING SOURCE
Original cataloging agency NLM
096 ## - LOCALLY ASSIGNED NLM-TYPE CALL NUMBER (OCLC)
Classification number WM 29 .AA1 P974 2002
001 - CONTROL NUMBER
control field data
245 10 - TITLE STATEMENT
Title Psychiatric rehabilitation/
Statement of responsibility, etc. Carlos W. Pratt.
260 ## - PUBLICATION, DISTRIBUTION, ETC.
Place of publication, distribution, etc. San Diego, Calif.
Name of publisher, distributor, etc. Academic Press, an imprint of Elsevier Science
Date of publication, distribution, etc. c2002
300 ## - PHYSICAL DESCRIPTION
Extent xvi, 296 p. :
Other physical details ill. ;
Dimensions 25 cm.
500 ## - GENERAL NOTE
General note First edition printed 1999.
500 ## - GENERAL NOTE
General note Includes bibliographical references and index.
650 02 - SUBJECT ADDED ENTRY--TOPICAL TERM
Topical term or geographic name entry element Community Mental Health Services
650 02 - SUBJECT ADDED ENTRY--TOPICAL TERM
Topical term or geographic name entry element Mentally Ill Persons
General subdivision rehabilitation
700 1# - ADDED ENTRY--PERSONAL NAME
Personal name Pratt, Carlos W.
Holdings
Withdrawn status Lost status Damaged status Not for loan Home library Current library Shelving location Date acquired Total checkouts Full call number Barcode Date last seen Price effective from Koha item type
        Riverside Riverside General stacks 22/03/2026   GEN BC0010049 22/03/2026 22/03/2026 Books